00641nam a2200181Ia 4500008004100000041000800041082001600049100001500065245003700080260002600117300002700143365001700170500001000187700001500197906003600212999001900248952019200267230718s9999 xx 000 0 und d aeng a005.43bPET aPetzold C. aProgramming Windows 95 With Disk c1996bMicrosoft Press a1100dRef 307 C (6481) cRs.b1346.25 a307 C aPetzold C. dB:673006-May-1996cCOMPb201.94 c295276d295276 00102ddc3Ref 307 C (6481)4073aCCEPbCCEPd1996-05-09eTechnical Book ServicesfCOMPg1144.31i6730o005.43pCCEP-BK-6481r2023-07-18 00:00:00t201.94v1346.25w1996-05-06yBKz006481